000 01035nam a22002537a 4500
001 2526
003 FISKH
005 20251125155904.0
008 231213b cb ||||| |||| 00| 0 eng d
020 _a9781407109466
040 _aFISKH
_beng
_cFISKH
_dFISKH
082 _a629.8
100 _aGoldsmith, Mike
_qDr.
245 _aRiotous Robots /
_bTotally
_cDr Mike Gold Smith ; illustrated by Mike Phillips
250 _aThis edition published in 2009
260 _aLondon :
_bScholastic,
_c2003
300 _a175 pages :
_billustrations ;
_c20 cm
520 _aRiotous Robots are taking over the world. From underwater discovery to space travel, these metallic marvels are getting the most exciting jobs on the planet. This cybernetic guide tells you how they're doing it. It helps to discover a robot that's forced to snack on slugs for a living and a robo-alligator that works as a scarecrow.
650 _aRiotous Robots
650 _aTechnology
650 _aRobotics
700 _aPhilip, Mike
942 _2ddc
_cBK
_n0
999 _c2526
_d2526